|
|
|
|
| LEADER |
00848ncm a22002412a 4500 |
| 001 |
000465047 |
| 003 |
CZ BrMZK |
| 005 |
20120719085451.0 |
| 007 |
qu |
| 008 |
000105s1967 xr f cze d |
| 040 |
|
|
|a BOA001
|b cze
|
| 072 |
|
7 |
|a 784
|x Vokální hudba
|2 Konspekt
|9 9
|
| 100 |
1 |
|
|a Šlitr, Jiří,
|d 1924-1969
|7 jk01130482
|4 cmp
|
| 245 |
1 |
0 |
|a Dobře placená procházka
|h [hudebnina] :
|b zpěv a klavír /
|c Jiří Šlitr ; text Jiří Suchý ; upravil Milan Dvořák
|
| 250 |
|
|
|a 1. vyd.
|
| 260 |
|
|
|a Praha :
|b Supraphon,
|c 1967
|
| 300 |
|
|
|a 32 s.
|
| 700 |
1 |
|
|a Suchý, Jiří,
|d 1931 říjen 1.-
|7 jk01121734
|4 lyr
|
| 700 |
1 |
|
|a Dvořák, Milan,
|d 1934-
|7 jn19981000863
|4 adp
|
| 910 |
|
|
|a BOA001
|b Mus4-0590.207
|
| 990 |
|
|
|a MU
|
| 991 |
|
|
|b 201207
|
| 996 |
6 |
|
|b 2619769868
|c Mus4-0590.207
|l MZK
|r Sklad / do 1 hodiny
|n 9
|w 000465047
|u 000010
|a 1
|e BOA001
|j MZK50
|s P
|